Tilastot visalle Suomalaiset europarlamentaarikot

Klikkaa tästä pelataksesi tätä visaa!

Yleistilastot

  • Tätä visaa on pelattu 17 kertaa
    (8 viimeisimmän päivityksen jälkeen)
  • Keskiarvotulos 9 / 14

Vastaustilastot

HintVastaus% Oikein
PerussuomalaisetTeuvo Hakkarainen
100%
PerussuomalaisetLaura Huhtasaari
86%
Ruotsalainen KansanpuolueNils Torvalds
71%
Sosialidemokraattinen puolueEero Heinäluoma
71%
Suomen KeskustaElsi Katainen
71%
VasemmistoliittoSilvia Modig
71%
Vihreä LiittoAlviina Alametsä
71%
Vihreä LiittoHeidi Hautala
71%
Vihreä LiittoVille Niinistö
71%
KokoomusSirpa Pietikäinen
57%
Sosialidemokraattinen puolueMiapetra Kumpula-Natri
57%
KokoomusPetri Sarvamaa
43%
KokoomusHenna Virkkunen
43%
Suomen KeskustaMauri Pekkarinen
29%

Tulosjakauma

Persentiili vastausten määrän mukaan

Jokaisen tuloksen saaneiden osuus

Tuloshistoriasi

Et ole pelannut tätä visaa sen viimeisimmän päivityksen jälkeen